Multiple Choice City Quiz - Sevilla - Statistics

General Stats
  • This quiz has been taken 233 times
  • The average score is 7 of 10
Answer Stats
Question Answer % Correct
What dance is the Triana neighbourhood known for? Flamenco
95%
In what Spanish autonomous community is Sevilla located? Andalusia
94%
Complete the title of a Beaumarchais' play: The ___ of Seville Barber
79%
What two colours do the football team "Real Betis" wear? Green and white
65%
Which Roman emperor is born in Italica in 53 AD, an antique site near Sevilla? Trajan
64%
What is the name of the royal palace in Sevilla from which reigned several islamic dynasties? Alcazar
63%
What river flows through the city and connect it to the sea? Guadalquivir
63%
Which one of these painters, born in 1599, was the glory of his city?
54%
What was the role of the Casa de Contratación in Sevilla from 1503 to 1717? To manage the colonies and their income
52%
Who is the patron saint of Sevilla and wrote one of a famous medieval encyclopedia? Isidore
41%
No matching quizzes found
Score Distribution
Percent of People with Each Score
Percentile by Number Answered
Your Score History
You have not taken this quiz